000 01072nam0a22002411 4500
001 rc\45802
005 20021216124830.6
035 _a(NLR Aleph) 005326211
090 _a6541975
_c6541975
100 _a20021216d1992 u |0rusy50 ca
101 0 _arus
102 _aRU
105 _aa |||||||||
200 1 _aСодержание карательной политики Советского государства и ее реализации при исполнении уголовного наказания в виде лишения свободы в тридцатые-пятидесятые годы
_fРесп. ин-т повышения квалификации работников МВД России
210 _aДомодедово
_cРИПК работников МВД РФ
_d1992
215 _a156 с.
_cсхем.
_d21
320 _aБиблиогр.: с. 149-155
700 1 _aДетков
_bМ. Г.
_gМихаил Григорьевич
801 0 _aRU
_bNLR
_gpsbo
801 1 _aRU
_bELAR
_2rusmarc
852 _aNLR
_j92-3/4644
942 _cBOOK
980 _aNB